[Event "11th LCC FIDE Open 2019"]
[Site "London"]
[Date "2019.12.05"]
[Round "9.1"]
[White "Praggnanandhaa R"]
[Black "Grover, Sahaj"]
[Result "1/2-1/2"]
[WhiteElo "2586"]
[BlackElo "2508"]
[Annotator "ChessBase"]
[PlyCount "36"]
[EventDate "2019.11.29"]
[EventType "swiss"]
[EventCountry "ENG"]
[SourceTitle "playchess.com"]
[Source "ChessBase"]
[SourceQuality "1"]
[TimeControl "40/5400+30:1800+30"]

1. Nf3 {[%emt 0:00:00]} c5 {[%emt 0:00:12]} 2. g3 {[%emt 0:00:26]} Nc6 {[%emt 0:00:47]} 3. Bg2 {[%emt 0:00:16]} g6 {[%emt 0:00:08]} 4. c3 {[%emt 0:01:56]} e5 {[%emt 0:00:56]} 5. e4 {[%emt 0:00:26]} Bg7 {[%emt 0:00:06]} 6. O-O {[%emt 0:03:19]} Nge7 {[%emt 0:00:21]} 7. d3 {[%emt 0:01:22]} O-O {[%emt 0:00:29]} 8. a3 {[%emt 0:07:37]} h6 {[%emt 0:09:01]} 9. b4 {[%emt 0:04:40]} d6 {[%emt 0:00:51]} 10. Nbd2 {[%emt 0:17:53]} Be6 {[%emt 0:06:33]} 11. Re1 {[%emt 0:09:10]} b5 {[%emt 0:10:48]} 12. bxc5 {[%emt 0:20:09]} dxc5 {[%emt 0:00:08]} 13. Qc2 {[%emt 0:04:21]} Qd6 {[%emt 0:07:27]} 14. a4 {[%emt 0:01:29]} b4 {[%emt 0:08:38]} 15. Nc4 {[%emt 0:05:41]} Bxc4 {[%emt 0:16:42]} 16. dxc4 {[%emt 0:00:09]} Qe6 {[%emt 0:00:03]} 17. Be3 {[%emt 0:03:27]} Qxc4 {[%emt 0:03:18]} 18. Rec1 {[%emt 0:01:03]} Rfc8 {[%emt 0:03:53]} 1/2-1/2

[Event "11th LCC FIDE Open 2019"]
[Site "London"]
[Date "2019.12.05"]
[Round "9.2"]
[White "Petrov, Martin"]
[Black "Smirnov, Anton"]
[Result "1/2-1/2"]
[WhiteElo "2497"]
[BlackElo "2573"]
[Annotator "ChessBase"]
[PlyCount "39"]
[EventDate "2019.11.29"]
[EventType "swiss"]
[EventCountry "ENG"]
[SourceTitle "playchess.com"]
[Source "ChessBase"]
[SourceQuality "1"]
[TimeControl "40/5400+30:1800+30"]

1. e4 {[%emt 0:00:00]} e6 {[%emt 0:00:00]} 2. d4 {[%emt 0:00:00]} d5 {[%emt 0:00:00]} 3. Nd2 {[%emt 0:00:11]} c5 {[%emt 0:00:00]} 4. exd5 {[%emt 0:00:34]} Qxd5 {[%emt 0:00:00]} 5. Ngf3 {[%emt 0:02:26]} cxd4 {[%emt 0:00:00]} 6. Bc4 {[%emt 0:00:06]} Qd7 {[%emt 0:00:00]} 7. O-O {[%emt 0:00:38]} Nc6 {[%emt 0:00:12]} 8. Nb3 {[%emt 0:00:10]} Nf6 {[%emt 0:00:04]} 9. Qe2 {[%emt 0:02:28]} a6 {[%emt 0:00:06]} 10. a4 {[%emt 0:00:04]} Bd6 {[%emt 0:00:05]} 11. Rd1 {[%emt 0:00:03]} e5 {[%emt 0:00:12]} 12. Nbxd4 {[%emt 0:00:07]} Nxd4 {[%emt 0:00:05]} 13. Rxd4 {[%emt 0:00:05]} Qe7 {[%emt 0:00:53]} 14. Rxd6 {[%emt 0:00:10]} Qxd6 {[%emt 0:00:06]} 15. b3 {[%emt 0:00:05]} Be6 {[%emt 0:00:06]} 16. Ba3 {[%emt 0:08:21]} Bxc4 {[%emt 0:00:08]} 17. Qxc4 {[%emt 0:01:52]} Qc6 {[%emt 0:00:06]} 18. Nxe5 {[%emt 0:12:45]} Qxc4 {[%emt 0:00:08]} 19. Nxc4 {[%emt 0:00:02]} b5 {[%emt 0:00:27]} 20. Re1+ {[%emt 0:10:56]} 1/2-1/2

[Event "11th LCC FIDE Open 2019"]
[Site "London"]
[Date "2019.12.05"]
[Round "9.3"]
[White "Gormally, Daniel W"]
[Black "Aravindh, Chithambaram VR."]
[Result "1/2-1/2"]
[WhiteElo "2491"]
[BlackElo "2605"]
[Annotator "TA"]
[PlyCount "79"]
[EventDate "2019.11.29"]
[EventType "swiss"]
[EventCountry "ENG"]
[SourceTitle "playchess.com"]
[Source "ChessBase"]
[SourceQuality "1"]

{[%evp 12,79,25,20,57,34,22,10,15,10,32,35,92,18,110,126,158,142,279,266,269,269,266,253,267,264,246,271,260,235,280,284,272,40,256,262,251,151,157,149,144,159,163,130,145,146,259,225,231,208,207,25,32,18,20,22,23,14,250,0,29,0,37,10,9,0,22,0,10,0]} 1. d4 d5 2. c4 e6 3. Nc3 a6 4. e3 Nf6 5. Nf3 dxc4 6. a4 c5 7. Bxc4 b6 {D26: Queen's Gambit Accepted: 4 e3 e6 5 Bxc5 c5 sidelines} (7... Nc6 8. O-O Be7 9. Qe2 O-O 10. Rd1 Qc7 11. b3 Rd8 12. Bb2 cxd4 13. exd4 Na5 14. Rac1 Nxc4 15. bxc4 Bd7 16. Ne5 {½-½ (16) Cori,J (2686)-Vallejo Pons,F (2678) Linares 2019}) 8. O-O Bb7 9. Qe2 Be7 10. dxc5 Bxc5 11. e4 Nbd7 (11... O-O $14) 12. Bf4 $146 ({White should try} 12. e5 $1 $16) ({Predecessor:} 12. e5 Ng4 13. Bf4 Qc7 14. h3 {½-½ (67) Ulms,S (2070)-Kierzek,M (2150) Germany 1996}) 12... h6 (12... Nh5 $11 {keeps the balance.} 13. Be3 Qc7) 13. Rad1 $1 $16 g5 14. Bd6 Bxd6 (14... Qc8 $16 15. h3 Rg8) 15. Rxd6 $18 Qc7 16. Rfd1 g4 17. Nh4 $1 Ne5 {[#]} 18. Bxe6 $1 {[%mdl 512]} fxe6 19. Rxe6+ {[%mdl 64] Double Attack} Kf7 20. Rdd6 Nxe4 21. Nxe4 Bxe4 {[#]} 22. Rf6+ $2 (22. h3 $1 $18 Qc1+ 23. Kh2 Qf4+ 24. g3 Nf3+ 25. Nxf3 Qxf3 {[#]} 26. Rf6+ $1 {[%mdl 576] Deflection} (26. Qxe4 Qxf2+ 27. Qg2 Qxg2+ 28. Kxg2 b5 $16) 26... Qxf6 27. Rxf6+ Kxf6 28. Qxe4) 22... Kg8 $2 (22... Kg7 $1 $14 23. h3 Rhf8) 23. f4 Qc4 24. Qxc4+ Nxc4 25. Rd4 {[%mdl 64] Double Attack} Kg7 26. Re6 Rhe8 27. Rdxe4 Rxe6 28. Rxe6 Nxb2 {[%mdl 4096] Endgame KRN-KRN} (28... Rf8 $16 {was called for.}) 29. Nf5+ ({But not} 29. Rxb6 $6 Nxa4 30. Nf5+ Kf7 $18) 29... Kf7 30. Rxb6 Nxa4 31. Rxh6 $2 (31. Nxh6+ $18 Ke7 32. Rc6) 31... Nc3 32. Rc6 Ne2+ 33. Kf2 Nxf4 34. Kg3 Ne2+ $2 (34... Ne6 $11 {and Black is okay.}) 35. Kf2 $2 (35. Kxg4 $18 {Hoping for Kf3.} Rg8+ 36. Kf3) 35... Nf4 $11 36. Kg3 Ne6 37. Nh6+ Ke7 {The position is equal.} 38. Nf5+ Kf7 $1 39. Nh6+ Ke7 40. Nf5+ {Accuracy: White = 34%, Black = 33%.} 1/2-1/2

[Event "11th LCC FIDE Open 2019"]
[Site "London"]
[Date "2019.12.05"]
[Round "9.4"]
[White "Arkell, Keith C"]
[Black "Moussard, Jules"]
[Result "0-1"]
[WhiteElo "2445"]
[BlackElo "2600"]
[Annotator "TA"]
[PlyCount "126"]
[EventDate "2019.11.29"]
[EventType "swiss"]
[EventCountry "ENG"]
[SourceTitle "playchess.com"]
[Source "ChessBase"]
[SourceQuality "1"]

{[%evp 28,126,0,-16,-3,-11,-8,-22,-23,-35,-43,-43,-12,-25,-6,-20,0,0,0,0,10,16,10,6,6,6,2,7,9,0,0,0,0,0,0,0,0,0,0,-125,-114,-159,-159,-127,-137,-154,-35,-145,-163,-158,-145,-231,-249,-231,-214,-205,-80,-113,-141,-133,-133,-309,-291,-753,-745,-728,-684,-598,-597,-565,0,0,0,-18,-18,-18,-18,-20,-20,-20,0,0,0,-59,-58,-1402,-1264,-1103,-853,-1296,-1272,-359,-1201,-1625,-1383,-6211,-5306,-29982,-29983,-29983,-29984]} 1. d4 Nf6 2. Nf3 e6 3. c4 c5 4. d5 d6 5. Nc3 exd5 6. cxd5 g6 7. g3 Bg7 8. Bg2 O-O 9. O-O Re8 10. Nd2 a6 11. a4 Nbd7 12. Nc4 Ne5 13. Nxe5 Rxe5 14. Bf4 Re8 15. Qc2 Ng4 {A64: Modern Benoni: Fianchetto Variation: 9...Nbd7 10 Nd2 a6 11 a4 Re8} 16. h3 Ne5 17. b3 {[#]} f5 $146 {The position is equal.} ({Predecessor:} 17... Rb8 18. Rab1 Bd7 19. Rfc1 b5 20. axb5 axb5 21. b4 cxb4 22. Rxb4 Nc4 23. Ne4 {1-0 (37) Arkell,K (2467)-Hjartarson,J (2520) Rhodes 2019}) 18. Qd2 Bd7 19. a5 b5 20. axb6 $1 Qxb6 21. Rfb1 Nf7 22. Qc2 Re7 23. Bd2 Rae8 24. e3 Ng5 25. h4 Ne4 26. Nxe4 fxe4 27. Bc3 Bb5 $1 $36 {[%cal Rb5d3][%mdl 2048] next ...Bd3 is good for Black. Black is pushing.} 28. Bxg7 {aiming for Bb2.} Bd3 29. Qc3 {Black must now prevent Bh6.} Rxg7 30. Rb2 h5 31. Bh3 Rf8 32. f4 Rb7 33. Kf2 (33. Raa2 $11) 33... Qb4 $1 $17 {[%cal Rb4c3]} 34. Qc1 c4 35. Ra4 Qb5 $1 36. Qc3 cxb3 ({Better is} 36... Kh7 $1 $17 {[%cal Rc4b3]} 37. Raa2 cxb3) 37. Ra3 (37. Qc6 $15) 37... Bc4 ({Resist} 37... Qxd5 38. Rbxb3 Rb5 39. Rxb5 $15) 38. Ra5 Qb6 39. Bf1 (39. Ra4 $17 Bxd5 40. Qd2) 39... Bxf1 $1 $19 40. Kxf1 Rfb8 $1 {Threatens to win with ...Rc7.} 41. Ra3 {[#]} Qb5+ (41... Qc5 $1 $19 {[%cal Rc5c3] has better winning chances.} 42. Qxc5 dxc5 43. Rxa6 c4 44. Rxg6+ Rg7) 42. Ke1 Qxd5 43. Rxa6 Qe6 {Hoping for ...Qh3.} 44. Rc6 $2 (44. Kf2 $17) 44... Qh3 {And now ...Ra7 would win.} 45. Kd2 $2 (45. Qc4+ Kh7 46. Rc7+ Kh6 47. Rxb7 Rxb7 48. Qc3) 45... Qg2+ 46. Kc1 Qf1+ 47. Kd2 Qf2+ 48. Kc1 Qxg3 $2 (48... Qg1+ $19 49. Kd2 Ra7) 49. Rc8+ $11 Kf7 {( -> ...Rxc8)} 50. Rxb8 ({Much worse is} 50. Rc7+ Rxc7 51. Qxc7+ {[#]} Ke6 $1 $17 {[%mdl 512]}) 50... Rxb8 51. Rxb3 {[%mdl 4096] Endgame KQR-KQR} Qg1+ 52. Kb2 Qg2+ 53. Kc1 $1 Rxb3 54. Qxb3+ {KQ-KQ} Ke7 55. Qb7+ ({White should try} 55. Qc4 $11) 55... Kf6 $15 {...Qf1+ is the strong threat.} 56. Qc8 $2 {[%mdl 8192]} (56. Qb3 $15) 56... Qf1+ $19 57. Kb2 Qe2+ 58. Ka1 Qxe3 59. Qf8+ Ke6 60. Qe8+ Kd5 61. Qf7+ Kd4 62. Qxg6 Kc3 63. Qg7+ Qd4 {Accuracy: White = 37%, Black = 70%.} 0-1

[Event "11th LCC FIDE Open 2019"]
[Site "London"]
[Date "2019.12.05"]
[Round "9.5"]
[White "Merry, Alan B"]
[Black "Maze, Sebastien"]
[Result "0-1"]
[WhiteElo "2426"]
[BlackElo "2541"]
[Annotator "TA"]
[PlyCount "82"]
[EventDate "2019.11.29"]
[EventType "swiss"]
[EventCountry "ENG"]
[SourceTitle "playchess.com"]
[Source "ChessBase"]
[SourceQuality "1"]

{[%evp 9,82,0,6,-16,-21,-30,-12,-39,-36,-36,-34,-33,-43,-63,-79,-106,-107,-100,-96,-115,-104,-264,-255,-241,-250,-330,-333,-238,-239,-314,-312,-316,-306,-308,-271,-279,-272,-236,-113,-112,-110,-127,-77,-156,-137,-422,-429,-412,-384,-391,-283,-389,-388,-364,-374,-364,-328,-307,-128,-469,-480,-594,-588,-609,-471,-436,-355,-321,-235,-392,-388,-5669,-5535,-29991,-29992]} 1. c4 e5 2. Nc3 Nf6 3. Nf3 Nc6 4. e3 Bb4 5. Qc2 d6 6. a3 {A28: English Opening: Four Knights Variation} Bxc3 $1 7. Qxc3 e4 8. Nd4 {The position is equal.} Ne5 9. b4 O-O 10. Bb2 Re8 11. h3 c5 12. bxc5 $146 ({Predecessor:} 12. Nc2 b6 13. Be2 Ba6 {1-0 (83) Kovalenko,I (2684)-Hammer,J (2628) chess.com INT 2017}) 12... dxc5 13. Nb3 b6 14. Be2 Bb7 15. O-O $2 {[#]} (15. a4 $17 {is a better defense.}) 15... Nf3+ $1 $19 {[%mdl 512]} 16. Kh1 (16. gxf3 exf3) 16... Qd6 {[%csl Gf3][%cal Rd6h2]} 17. Bxf3 (17. gxf3 exf3 18. Bd1 Qd7 $19) 17... exf3 18. g4 Rad8 19. Rad1 h5 20. Rg1 Qd7 21. Rg3 {White wants to play gxh5.} h4 (21... hxg4 22. d3 $19) 22. Rgg1 Re6 23. Nc1 Rd6 $40 {[%mdl 128] Black goes for the king.} (23... Bc6 $19 24. d3 Rxe3 $1 {[%mdl 512]} 25. fxe3 f2+ 26. Kh2 Re8) 24. d3 $17 {[#]} Be4 $1 {[%cal Re4d3][%mdl 512]} 25. Rd2 (25. dxe4 Rxd1) 25... Bg6 (25... Bxd3 26. Rgd1 $16) 26. Qe5 (26. Rgd1 $142) 26... Re8 (26... Bxd3 27. Rgd1 $16) 27. Qf4 $2 {[%mdl 8192] [#]} (27. Qc3 $17 {is the only way for White.}) 27... Ne4 $1 $19 {[%mdl 576] Pin} 28. Rc2 (28. dxe4 Rxd2) 28... Qa4 29. dxe4 Rd1 30. Bxg7 {Threatens to win with Qh6.} (30. Rc3 Rxg1+ 31. Kxg1 Qd1+ 32. Kh2 Bxe4 33. Qe5 Rxe5 34. Nd3 {[#]} Qf1 $1 {[%mdl 512]} 35. Nf4 Qxf2+ 36. Kh1 Qg3 37. Rc1 f2+ 38. Ng2 Bxg2#) 30... Rxg1+ (30... Qxc2 $2 31. Qh6 $18) (30... Kxg7 $2 31. Rxd1 Qxc2 32. Rf1 $19) 31. Kxg1 {Threatening mate with Qh6.} Kxg7 (31... Qxc2 $2 {too greedy.} 32. Qh6 $18) 32. Rd2 Qxc4 (32... Rxe4 33. Qxf3 Qxa3 34. Nd3 $11) (32... Qxa3 33. Rd1 $17) 33. Rd1 Qc2 ({Not} 33... Rxe4 34. Qxf3 Re8 35. Qc6 $15) ({Weaker is} 33... Bxe4 34. Rf1 $19) (33... Qxe4 $19 {and Black stays clearly on top.} 34. Qxe4 Rxe4) 34. Qd6 $2 {[%mdl 8192]} (34. Qxf3 $17 Bxe4 35. Qe2) 34... Rxe4 35. Rf1 {[#]} Rxe3 $1 {[%mdl 512]} 36. Qf4 (36. fxe3 Qg2#) 36... Re6 37. Qxf3 Qe4 38. Qc3+ Qd4 39. Qf3 $2 (39. Qxd4+ cxd4 40. Nb3) 39... Rf6 40. Qa8 $2 (40. Qe3 Qxe3 41. fxe3) 40... Be4 41. Qxa7 Rf3 {Accuracy: White = 36%, Black = 70%.} 0-1

[Event "11th LCC FIDE Open 2019"]
[Site "London"]
[Date "2019.12.05"]
[Round "9.6"]
[White "Percivaldi, Martin"]
[Black "Song, Raymond"]
[Result "1-0"]
[WhiteElo "2384"]
[BlackElo "2468"]
[Annotator "ChessBase"]
[PlyCount "67"]
[EventDate "2019.11.29"]
[EventType "swiss"]
[EventCountry "ENG"]
[SourceTitle "playchess.com"]
[Source "ChessBase"]
[SourceQuality "1"]
[TimeControl "40/5400+30:1800+30"]

1. c4 {[%emt 0:00:00]} g6 {[%emt 0:00:00]} 2. Nf3 {[%emt 0:00:15]} Bg7 {[%emt 0:00:00]} 3. e4 {[%emt 0:00:27]} d6 {[%emt 0:00:11]} 4. d4 {[%emt 0:00:26]} Nf6 {[%emt 0:00:06]} 5. Nc3 {[%emt 0:00:15]} O-O {[%emt 0:00:11]} 6. Be2 {[%emt 0:01:41]} e5 {[%emt 0:00:06]} 7. d5 {[%emt 0:00:17]} a5 {[%emt 0:00:13]} 8. Bg5 {[%emt 0:00:44]} h6 {[%emt 0:01:09]} 9. Be3 {[%emt 0:00:19]} Ng4 {[%emt 0:06:52]} 10. Bd2 {[%emt 0:00:26]} f5 {[%emt 0:00:08]} 11. h3 {[%emt 0:00:44]} Nf6 {[%emt 0:01:39]} 12. exf5 {[%emt 0:00:12]} gxf5 {[%emt 0:00:29]} 13. Qc1 {[%emt 0:00:09]} f4 {[%emt 0:03:39]} 14. g3 {[%emt 0:00:24]} e4 {[%emt 0:01:45]} 15. Nh4 {[%emt 0:00:12]} e3 {[%emt 0:02:18]} 16. fxe3 {[%emt 0:00:00]} fxg3 17. Ng6 {[%emt 0:00:24]} g2 {[%emt 0:01:42]} 18. Rg1 {[%emt 0:00:31]} Bxh3 {[%emt 0:00:06]} 19. Qc2 {[%emt 0:06:19]} Na6 {[%emt 0:03:53]} 20. Nf4 {[%emt 0:03:37]} Qd7 {[%emt 0:00:00]} 21. Nxh3 Qxh3 {[%emt 0:00:00]} 22. O-O-O {[%emt 0:04:17]} Kf7 {[%emt 0:00:04]} 23. Ne4 {[%emt 0:10:20]} Nb4 {[%emt 0:03:21]} 24. Bxb4 {[%emt 0:01:37]} axb4 {[%emt 0:02:21]} 25. Nxf6 {[%emt 0:06:24]} Bxf6 {[%emt 0:15:41]} 26. Qh7+ {[%emt 0:12:46]} Bg7 {[%emt 0:00:14]} 27. Bd3 {[%emt 0:05:26]} Qg4 {[%emt 0:06:52]} 28. Rd2 {[%emt 0:03:14]} b3 {[%emt 0:18:11]} 29. a3 {[%emt 0:13:43]} Ke8 {[%emt 0:04:34]} 30. Rdxg2 {[%emt 0:02:46]} Qf3 {[%emt 0:00:48]} 31. Rxg7 {[%emt 0:01:37]} Qxe3+ {[%emt 0:01:38]} 32. Kb1 {[%emt 0:00:40]} Ra4 {[%emt 0:00:08]} 33. Rg8 {[%emt 0:01:12]} Rxg8 {[%emt 0:00:05]} 34. Rxg8# {[%emt 0:00:06]} 1-0

[Event "11th LCC FIDE Open 2019"]
[Site "London"]
[Date "2019.12.05"]
[Round "9.7"]
[White "Vaishali R"]
[Black "Cherniaev, Alexander"]
[Result "1/2-1/2"]
[WhiteElo "2376"]
[BlackElo "2428"]
[Annotator "RC"]
[PlyCount "101"]
[EventDate "2019.11.29"]
[EventType "swiss"]
[EventCountry "ENG"]
[SourceTitle "playchess.com"]
[Source "ChessBase"]
[SourceQuality "1"]
[TimeControl "40/5400+30:1800+30"]

1. d4 {[%emt 0:00:01]} Nf6 {[%emt 0:02:29]} 2. Bg5 {[%emt 0:00:12]} Ne4 {[%emt 0:00:17]} 3. h4 {[%emt 0:00:15]} c5 {[%emt 0:00:05]} 4. d5 {[%emt 0:00:07]} Qb6 {[%emt 0:01:17]} 5. Nd2 {[%emt 0:00:35]} h6 {[%emt 0:00:25]} 6. Bf4 {[%emt 0:07:05]} Qxb2 {[%emt 0:00:06]} 7. Nxe4 {[%emt 0:00:57]} Qb4+ {[%emt 0:00:06]} 8. Qd2 {[%emt 0:00:19]} Qxe4 {[%emt 0:00:09]} 9. f3 {[%emt 0:03:20]} Qd4 {[%emt 0:03:07]} 10. Qxd4 {[%emt 0:12:50]} cxd4 {[%emt 0:00:08]} 11. Rd1 {[%emt 0:00:05]} d6 {[%emt 0:20:22]} 12. Rxd4 {[%emt 0:00:49]} g6 {[%emt 0:00:26]} 13. e4 {[%emt 0:06:40]} Bg7 {[%emt 0:00:23]} 14. Rd1 {[%emt 0:02:49]} h5 {[%emt 0:04:18]} 15. Bd3 {[%emt 0:05:01]} Nd7 {[%emt 0:00:57]} 16. Ne2 {[%emt 0:01:58]} Nc5 {[%emt 0:00:16]} 17. Be3 {[%emt 0:02:04]} Na4 {[%emt 0:11:48]} 18. Rb1 {[%emt 0:15:55]} b6 {[%emt 0:01:51]} 19. Bb5+ {[%emt 0:09:24]} Bd7 {[%emt 0:00:08]} 20. Bxa4 {[%emt 0:00:19]} Bxa4 {[%emt 0:00:07]} 21. c4 {[%emt 0:00:03]} O-O {[%emt 0:01:48]} 22. Kd2 {[%emt 0:00:52]} Rfc8 {[%emt 0:00:15]} 23. Rhc1 {[%emt 0:00:52]} Bd7 {[%emt 0:07:57]} 24. Bd4 {[%emt 0:03:06]} Rc7 {[%emt 0:06:43]} 25. Rc3 {[%emt 0:03:29]} Rac8 {[%emt 0:00:21]} 26. Rbc1 {[%emt 0:01:26]} e5 {[%emt 0:07:58]} 27. Be3 {[%emt 0:02:36]} Kh7 {[%emt 0:00:50]} 28. Kd3 {[%emt 0:05:40]} Bh6 {[%emt 0:00:11]} 29. Bxh6 {[%emt 0:07:01]} Kxh6 {[%emt 0:00:08]} 30. Ke3 {[%emt 0:00:08]} f5 {[%emt 0:02:59]} 31. exf5 {[%emt 0:00:43]} gxf5 {[%emt 0:00:25]} 32. f4 {[%emt 0:00:34]} Rc5 {[%emt 0:04:10]} 33. R1c2 {[%emt 0:02:28]} Ra5 {[%emt 0:00:22]} 34. g3 {[%emt 0:02:05]} Kg6 {[%emt 0:00:26]} 35. Nc1 {[%emt 0:01:17]} Kf6 {[%emt 0:04:31]} 36. Nd3 {[%emt 0:01:57]} Rg8 {[%emt 0:07:02]} 37. Kf2 {[%emt 0:00:25]} Ba4 {[%emt 0:00:39]} 38. Rb2 {[%emt 0:02:07]} Rc8 {[%emt 0:04:31]} 39. Nb4 {[%emt 0:01:10]} Rac5 {[%emt 0:04:04]} 40. Ra3 {[%emt 0:00:36]} Ra5 {[%emt 0:02:58]} 41. Rc3 {[%emt 0:01:17]} Rac5 {[%emt 0:00:44]} 42. Ra3 {[%emt 0:00:25]} Rxc4 {[%emt 0:03:11]} 43. Rxa4 {[%emt 0:02:15]} a5 {[%emt 0:00:01]} 44. fxe5+ {[%emt 0:02:05]} dxe5 {[%emt 0:00:12]} 45. d6 {[%emt 0:04:28]} Ke6 {[%emt 0:04:59]} 46. Nd5 {[%emt 0:04:58]} Rxa4 {[%emt 0:03:23]} 47. Nxb6 {[%emt 0:00:07]} Rcc4 {[%emt 0:01:57]} 48. d7 {[%emt 0:03:40]} Ke7 {[%emt 0:00:01]} 49. Nxc4 {[%emt 0:01:36]} Rxc4 {[%emt 0:00:01]} 50. Rb5 {[%emt 0:00:10]} Re4 {[%emt 0:00:41]} 51. Rd5 {[%emt 0:02:10]} 1/2-1/2

[Event "11th LCC FIDE Open 2019"]
[Site "London"]
[Date "2019.12.05"]
[Round "9.9"]
[White "Gordon, Stephen J"]
[Black "Beinoras, Mindaugas"]
[Result "1/2-1/2"]
[WhiteElo "2505"]
[BlackElo "2350"]
[Annotator "TA"]
[PlyCount "106"]
[EventDate "2019.11.29"]
[EventType "swiss"]
[EventCountry "ENG"]
[SourceTitle "playchess.com"]
[Source "ChessBase"]
[SourceQuality "1"]

{[%evp 15,106,2,23,25,21,0,0,-3,45,50,49,56,72,87,55,48,110,102,159,170,151,103,101,83,166,149,157,165,158,151,157,162,156,152,232,237,237,237,229,205,228,186,226,229,251,252,252,189,231,210,221,220,246,164,164,0,239,240,241,159,176,176,176,176,176,176,176,163,156,156,145,124,106,106,107,8,8,8,8,0,0,0,0,0,0,0,0,0,0,0,0,0,0]} 1. d4 d5 2. c4 dxc4 3. e4 e5 4. Nf3 exd4 5. Bxc4 Bb4+ 6. Bd2 Bxd2+ 7. Nbxd2 Nc6 8. O-O Qf6 9. e5 {D20: Queen's Gambit Accepted: 3 e3 and 3 e4} Qg6 10. Nb3 Bh3 {[%csl Gh3][%cal Rg6g2]} 11. Nh4 Qg4 {[#]} 12. Qf3 $1 {[%mdl 512]} Qxf3 13. Nxf3 Bg4 14. Ng5 $1 $36 {[%mdl 2048] White is really pushing.} Nh6 15. h3 Bd7 $146 ({Black should play} 15... Bf5 $14) ({Predecessor:} 15... Bf5 16. f4 Rd8 {1-0 (94) Meier,G (2610)-Donchenko,A (2476) Dresden 2013}) 16. Rfe1 $16 O-O-O (16... Bf5 $142) 17. Bxf7 ({Don't play} 17. Nxf7 $6 Nxf7 18. Bxf7 Bf5 $14) 17... Bf5 18. e6 Ne7 19. Rad1 d3 (19... Bc2 $16) 20. g4 $18 Bg6 21. f4 Rd5 22. Bxg6 hxg6 23. Re3 Rf8 24. Rexd3 c6 (24... Rxd3 $16 25. Rxd3 Rxf4) 25. Rxd5 Nxd5 26. Nc5 $1 Ng8 27. Nd3 Nge7 28. Kh2 a5 29. Kg3 a4 30. a3 Kc7 31. Nb4 Kd6 32. Nxd5 cxd5 {[%mdl 4096] Endgame KRN-KRN} 33. Re1 $1 Kc5 34. Rc1+ Kd6 35. Re1 (35. Rc2 $142) 35... Kc5 $1 36. Nf3 Kd6 37. Nh4 Rf6 {[#]} 38. f5 $1 gxf5 39. Nxf5+ Nxf5+ 40. gxf5 {Threatens to win with e7. KR-KR} Ke7 {[#]} 41. Re5 $1 g6 42. Rxd5 gxf5 43. Re5 f4+ 44. Kf3 Rh6 45. Rb5 (45. Kg4 $16) 45... Rxh3+ $11 {The position is equal.} 46. Kg4 Rd3 47. Rxb7+ Kxe6 48. Kxf4 Kd5 49. Ra7 Rb3 50. Rxa4 Rxb2 51. Rb4 Rxb4+ 52. axb4 Kc4 53. b5 Kxb5 {Accuracy: White = 69%, Black = 64%.} 1/2-1/2

[Event "11th LCC FIDE Open 2019"]
[Site "London"]
[Date "2019.12.05"]
[Round "9.10"]
[White "Flear, Glenn C"]
[Black "Bates, Richard A"]
[Result "1/2-1/2"]
[WhiteElo "2463"]
[BlackElo "2342"]
[Annotator "ChessBase"]
[PlyCount "58"]
[EventDate "2019.11.29"]
[EventType "swiss"]
[EventCountry "ENG"]
[SourceTitle "playchess.com"]
[Source "ChessBase"]
[SourceQuality "1"]
[TimeControl "40/5400+30:1800+30"]

1. d4 {[%emt 0:00:00]} Nf6 {[%emt 0:00:09]} 2. c4 {[%emt 0:00:00]} e6 {[%emt 0:03:28]} 3. Nf3 {[%emt 0:00:00]} b6 {[%emt 0:03:11]} 4. Bf4 {[%emt 0:03:26]} Bb7 {[%emt 0:03:44]} 5. e3 {[%emt 0:00:27]} g6 {[%emt 0:01:09]} 6. Nc3 {[%emt 0:02:42]} Bg7 {[%emt 0:00:12]} 7. Bd3 {[%emt 0:02:31]} O-O {[%emt 0:01:08]} 8. O-O {[%emt 0:01:19]} d6 {[%emt 0:02:03]} 9. e4 {[%emt 0:12:11]} Nbd7 {[%emt 0:03:09]} 10. Re1 {[%emt 0:02:10]} h6 {[%emt 0:05:07]} 11. h3 {[%emt 0:05:38]} e5 {[%emt 0:03:28]} 12. dxe5 {[%emt 0:08:31]} Nh5 {[%emt 0:04:47]} 13. Be3 {[%emt 0:00:40]} dxe5 {[%emt 0:01:45]} 14. b4 {[%emt 0:03:48]} Nf4 {[%emt 0:07:32]} 15. Bf1 {[%emt 0:00:42]} a5 {[%emt 0:04:56]} 16. a3 {[%emt 0:04:41]} Ne6 {[%emt 0:05:49]} 17. Qd2 {[%emt 0:15:55]} axb4 {[%emt 0:00:17]} 18. axb4 {[%emt 0:00:00]} Rxa1 {[%emt 0:10:48]} 19. Rxa1 {[%emt 0:00:00]} Kh7 {[%emt 0:09:04]} 20. Rd1 {[%emt 0:00:00]} Nb8 {[%emt 0:00:50]} 21. Qxd8 {[%emt 0:00:00]} Rxd8 {[%emt 0:00:14]} 22. Rxd8 {[%emt 0:00:21]} Nxd8 {[%emt 0:00:08]} 23. Nd5 {[%emt 0:01:43]} Ne6 {[%emt 0:01:32]} 24. b5 {[%emt 0:01:25]} Nd7 {[%emt 0:01:42]} 25. g3 {[%emt 0:02:31]} Bf8 {[%emt 0:07:54]} 26. h4 {[%emt 0:01:44]} Bc5 {[%emt 0:04:16]} 27. Bxc5 {[%emt 0:11:28]} Nexc5 {[%emt 0:01:39]} 28. Bh3 {[%emt 0:02:54]} Bxd5 {[%emt 0:00:44]} 29. exd5 {[%emt 0:03:34]} Kg7 {[%emt 0:01:03]} 1/2-1/2